Normas de información financiera (NIF) Incluye boletines y circulares de la comisión de principios de contabilidad del IMCP / CINF, IMCP (Registro nro. 26970)

Detalles MARC
000 -LÍDER
fixed length control field 00556nam a2200157 4500
020 ## - NÚMERO INTERNACIONAL NORMALIZADO PARA LIBROS
ISBN 978-607-7620-59-4
050 ## - SIGNATURA TOPOGRAFICA DE LA BIBLIOTECA DEL CONGRESO (LC)
Número de Clasificación HF5626.N67 C755 2011
082 ## - NUMERO DE CLASIFICACION DECIMAL DEWEY
Número de Clasificación 658.15 C755n
110 ## - ASIENTO PRINCIPAL--NOMBRE CORPORATIVO
Nombre corporativo o de jurisdicción como elemento de entrada CINIF
245 ## - TÍTULO
Título Normas de información financiera (NIF) Incluye boletines y circulares de la comisión de principios de contabilidad del IMCP / CINF, IMCP
250 ## - MENCIÓN DE EDICIÓN
Mención de edición 6 / reimp. 2011
260 ## - PUBLICACIÓN, DISTRIBUCIÓN, ETC. (PIE DE IMPRENTA)
Lugar de publicación, distribución, etc. México : CINIF, IMCP
300 ## - DESCRIPCIÓN FÍSICA
Extensión xvii, p g. varia / 24 cm.
650 ## - ASIENTO SECUNDARIO DE MATERIA - TERMINO TEMÁTICO
Término temático o nombre geográfico como elemento de entrada 1. ESTADOS FINANCIEROS-NORMAS MÉXICO / 2. CONTABILIDAD-NORMAS MÉXICO
700 ## - ASIENTO SECUNDARIO - NOMBRE PERSONAL
Nombre personal I. IMCP
Existencias
No. biblioteca No. biblioteca Número de clasificación Código de barras/Número de adquisición Número de copia Tipo de material
AREA DE ADMINISTRACIÓN AREA DE ADMINISTRACIÓN 658.15 C755n 51179 1 Libros
AREA DE ADMINISTRACIÓN AREA DE ADMINISTRACIÓN 658.15 C755n 51180 2 Libros
AREA DE ADMINISTRACIÓN AREA DE ADMINISTRACIÓN 658.15 C755n 51181 3 Libros
AREA DE ADMINISTRACIÓN AREA DE ADMINISTRACIÓN 658.15 C755n 51182 4 Libros
AREA DE ADMINISTRACIÓN AREA DE ADMINISTRACIÓN 658.15 C755n 51183 5 Libros
AREA DE ADMINISTRACIÓN AREA DE ADMINISTRACIÓN 658.15 C755n 51683 6 Libros
ÁREA DE ELECTROMECÁNICA ÁREA DE ELECTROMECÁNICA 658.15 C755n 51684 7 Libros
Calzada Tecnológico # 27, Zacatepec, Morelos.
01(734) 343-07-23 / 343-21-10 / 343-21-11
Apdo. Postal 45 C.P 62780